|
|
|
|
| LEADER |
00960nam a22002531 4500 |
| 001 |
c000350761 |
| 003 |
CARM |
| 005 |
00000000000000.0 |
| 008 |
710628s1963 enka 00010 eng |
| 010 |
|
|
|a 68125824
|
| 019 |
1 |
|
|a 26463
|5 LACONCORD2021
|
| 035 |
|
|
|a (OCoLC)465175
|5 LACONCORD2021
|
| 050 |
0 |
0 |
|a HG9970.B874
|b M3 1963
|
| 100 |
1 |
|
|a Macken, Alfred George,
|d 1891-
|
| 245 |
1 |
0 |
|a Insurance of profits,
|c by A. G. Macken and G. J. R. Hickmott.
|
| 250 |
|
|
|a 6th ed.
|
| 260 |
|
|
|a London,
|b Pitman
|c [1963]
|
| 300 |
|
|
|a xi, 147 p.
|b illus.
|c 23 cm.
|
| 410 |
2 |
0 |
|a Chartered Insurance Institute.
|t Insurance handbook
|v no. 6
|
| 650 |
|
0 |
|a Business income insurance.
|
| 700 |
1 |
|
|a Hickmott, Gordon James Russell.
|e joint author.
|
| 852 |
8 |
|
|b CARM
|h A1:AM28G0
|i B09674
|p 0438387
|f BK
|
| 999 |
f |
f |
|i c9613519-1eed-595d-b07d-6783c7cd3a19
|s df1cb7e2-aed0-5196-b5ec-266f6bed8221
|
| 952 |
f |
f |
|p Can circulate
|a CAVAL
|b CAVAL
|c CAVAL
|d CARM 1 Store
|e B09674
|f A1:AM28G0
|h Other scheme
|i book
|m 0438387
|